| 000 | 01954nam a2200445 i 4500 | ||
|---|---|---|---|
| 001 | ebr10821913 | ||
| 003 | CaPaEBR | ||
| 006 | m o d | ||
| 007 | cr cn||||||||| | ||
| 008 | 130926t20142014dcud ob 001 0 eng|d | ||
| 020 | _z9780821398289 (alk. paper) | ||
| 020 | _a9780821399569 (e-book) | ||
| 040 |
_aCaPaEBR _beng _erda _epn _cCaPaEBR |
||
| 035 | _a(OCoLC)872617868 | ||
| 043 | _acl----- | ||
| 050 | 1 | 4 |
_aHG185.L3 _bE44 2014eb |
| 082 | 0 | 4 |
_a332.098 _223 |
| 245 | 0 | 0 |
_aEmerging issues in financial development : _blessons from Latin America / _cTatiana Didier and Sergio L. Schmukler, editors. |
| 264 | 1 |
_aWashington, District of Columbia : _bThe World Bank, _c[2014] |
|
| 264 | 4 | _c�2014 | |
| 300 |
_a1 online resource (586 pages) : _billustrations. |
||
| 336 |
_atext _2rdacontent |
||
| 337 |
_acomputer _2rdamedia |
||
| 338 |
_aonline resource _2rdacarrier |
||
| 490 | 1 | _aLatin American development forum series | |
| 504 | _aIncludes bibliographical references and index. | ||
| 588 | _aDescription based on print version record. | ||
| 590 | _aElectronic reproduction. Palo Alto, Calif. : ebrary, 2014. Available via World Wide Web. Access may be limited to ebrary affiliated libraries. | ||
| 650 | 0 |
_aFinance _zLatin America. |
|
| 650 | 0 |
_aFinancial institutions _zLatin America. |
|
| 650 | 0 |
_aMonetary policy _zLatin America. |
|
| 655 | 0 | _aElectronic books. | |
| 700 | 1 | _aDidier, Tatiana. | |
| 700 | 1 | _aSchmukler, Sergio L. | |
| 710 | 2 | _aWorld Bank. | |
| 776 | 0 | 8 |
_iPrint version: _tEmerging issues in financial development : lessons from Latin America. _dWashington, District of Columbia : The World Bank, [2014] _hxxiv, 556 pages _kLatin American development forum series _z9780821398289 _w(DLC) 2013038521 |
| 797 | 2 | _aebrary. | |
| 830 | 0 | _aLatin American development forum. | |
| 856 | 4 | 0 |
_uhttp://site.ebrary.com/lib/rucke/Doc?id=10821913 _zAn electronic book accessible through the World Wide Web; click to view |
| 999 |
_c85965 _d85965 |
||